000 00405pab a2200157 454500
008 180718b1990 xxu||||| |||| 00| 0 eng d
100 _aKing, Desmond S.
245 _aSocial democracy and rational workers
260 _c1990
300 _a387-417
362 _aJuly
650 _aSocial Democracy
700 _aMark Wickham - Jones
773 _aBritish Journal of Political Science
909 _a18758
999 _c18758
_d18758